<?xml version="1.0" encoding="UTF-8"?>
<record
    xmlns:xsi="http://www.w3.org/2001/XMLSchema-instance"
    xsi:schemaLocation="http://www.loc.gov/MARC21/slim http://www.loc.gov/standards/marcxml/schema/MARC21slim.xsd"
    xmlns="http://www.loc.gov/MARC21/slim">

  <leader>01584nam a22002057a 4500</leader>
  <controlfield tag="003">OSt</controlfield>
  <controlfield tag="005">20260410110921.0</controlfield>
  <controlfield tag="008">260410b        |||||||| |||| 00| 0 eng d</controlfield>
  <datafield tag="020" ind1=" " ind2=" ">
    <subfield code="a"> 1891620819</subfield>
  </datafield>
  <datafield tag="082" ind1=" " ind2=" ">
    <subfield code="2"> 1891620819</subfield>
  </datafield>
  <datafield tag="100" ind1=" " ind2=" ">
    <subfield code="a"> Paul Blustein</subfield>
  </datafield>
  <datafield tag="245" ind1=" " ind2=" ">
    <subfield code="a">The Chastening</subfield>
    <subfield code="b"> Inside the Crisis That Rocked the Global Financial System and Humbled the IMF.</subfield>
  </datafield>
  <datafield tag="250" ind1=" " ind2=" ">
    <subfield code="a">1ra</subfield>
  </datafield>
  <datafield tag="260" ind1=" " ind2=" ">
    <subfield code="a">Nueva York - E,E U.U</subfield>
    <subfield code="b"> PublicAffairs</subfield>
    <subfield code="c">2001</subfield>
  </datafield>
  <datafield tag="300" ind1=" " ind2=" ">
    <subfield code="a">448 p&#xE1;ginas.</subfield>
    <subfield code="c">23X15CM</subfield>
  </datafield>
  <datafield tag="490" ind1=" " ind2=" ">
    <subfield code="3">Tapa dura (Hardcover)</subfield>
    <subfield code="a">sobrecubierta.</subfield>
  </datafield>
  <datafield tag="520" ind1=" " ind2=" ">
    <subfield code="a">Este libro narra las crisis financieras globales de finales de los 90, centr&#xE1;ndose en el colapso de divisas en Asia, Rusia y Brasil. Paul Blustein ofrece un acceso privilegiado a los "pasillos del poder", revelando c&#xF3;mo el Fondo Monetario Internacional (FMI) y el Tesoro de EE. UU. tomaron decisiones desesperadas para evitar un crack mundial. La obra expone los errores de c&#xE1;lculo de los tecn&#xF3;cratas que, a pesar de su inteligencia, no pudieron prever el p&#xE1;nico de los mercados. Describe c&#xF3;mo el FMI pas&#xF3; de ser una instituci&#xF3;n omnipotente a ser humillada por la complejidad de la econom&#xED;a moderna. Es una cr&#xF3;nica sobre la fragilidad del sistema financiero y el impacto humano de las pol&#xED;ticas de austeridad. El autor combina entrevistas exclusivas con an&#xE1;lisis t&#xE9;cnico para explicar por qu&#xE9; las recetas econ&#xF3;micas fallaron en pa&#xED;ses como Indonesia o Tailandia. En esencia, es una lecci&#xF3;n sobre los l&#xED;mites de la intervenci&#xF3;n internacional frente a la globalizaci&#xF3;n.</subfield>
  </datafield>
  <datafield tag="700" ind1=" " ind2=" ">
    <subfield code="a"> Paul Blustein</subfield>
  </datafield>
  <datafield tag="942" ind1=" " ind2=" ">
    <subfield code="2">ddc</subfield>
    <subfield code="c">BK</subfield>
    <subfield code="n">0</subfield>
  </datafield>
  <datafield tag="952" ind1=" " ind2=" ">
    <subfield code="0">0</subfield>
    <subfield code="1">0</subfield>
    <subfield code="2">ddc</subfield>
    <subfield code="4">0</subfield>
    <subfield code="7">0</subfield>
    <subfield code="8">F02</subfield>
    <subfield code="a">ISUS</subfield>
    <subfield code="b">ISUS</subfield>
    <subfield code="c">Biblioteca Abierta</subfield>
    <subfield code="d">2026-04-10</subfield>
    <subfield code="e">LECTURA</subfield>
    <subfield code="f">0487</subfield>
    <subfield code="i">0487</subfield>
    <subfield code="l">0</subfield>
    <subfield code="o">LECTURA</subfield>
    <subfield code="p">BIBLIO0487</subfield>
    <subfield code="r">2026-04-10 11:12:14</subfield>
    <subfield code="t">1</subfield>
    <subfield code="w">2026-04-10</subfield>
    <subfield code="y">BK</subfield>
  </datafield>
  <datafield tag="999" ind1=" " ind2=" ">
    <subfield code="c">2063</subfield>
    <subfield code="d">2063</subfield>
  </datafield>
</record>
